Krajina, človek, kultúra : Zborník abstraktov,IV.celoslovenská konferencia s medzinárodnou účasťou

Na minha lista:
Detalhes bibliográficos
Outros Autores: Supuka, Ján (Compiler)
Formato: Livro
Idioma:eslovaco
Publicado em: Banská Bystrica : Slovenská agentúra životného prostredia, 1999
Assuntos:
Tags: Adicionar Tag
Sem tags, seja o primeiro a adicionar uma tag!

MARC

LEADER 00000nam a22000003a 4500
001 stu52654
005 20150617225706.4
008 000317s1999------------------------slo-d
020 |a 808885024X 
040 |a STU  |b slo 
041 0 |a slo 
100 1 |a Supuka, Ján  |4 com 
245 1 |a Krajina, človek, kultúra :  |b Zborník abstraktov,IV.celoslovenská konferencia s medzinárodnou účasťou 
260 |a Banská Bystrica :  |b Slovenská agentúra životného prostredia,  |c 1999 
300 |a 221 s 
650 7 |a urbanizmus  |2 stusub 
650 7 |a životné prostredie  |2 stusub 
650 7 |a ekologická architektúra  |2 stusub 
996 |b 284AB00586  |c A*826 B  |l AAKNST  |s P  |a 0  |w stu52654_0001 
996 |b 284AU01591  |c A*4212 U  |l AAKNAR  |s A  |a 24  |w stu52654_0002